[Event "SVK-chT3B2 1718"]
[Site "Slovakia"]
[Date "2017.11.05"]
[Round "3.4"]
[White "Lotharides, Vojtech"]
[Black "Sosovickova, Jana"]
[Result "1/2-1/2"]
[WhiteElo "1734"]
[BlackElo "1534"]
[PlyCount "32"]
[EventDate "2017.10.08"]
[EventType "team-tourn"]
[EventRounds "11"]
[EventCountry "SVK"]
[SourceTitle "EXT 2019"]
[Source "ChessBase"]
[SourceDate "2018.10.10"]
[SourceVersion "1"]
[SourceVersionDate "2018.10.10"]
[SourceQuality "1"]
[WhiteTeam "Nemsova Horne Srnie"]
[BlackTeam "Dubnica nad Vahom IV"]
[WhiteTeamCountry "SVK"]
[BlackTeamCountry "SVK"]

1. d4 d5 2. Bf4 Bf5 3. e3 Nf6 4. Bd3 Bg6 5. Nf3 e6 6. Ne5 Nbd7 7. Nxg6 hxg6 8. c3 Nb6 9. Nd2 Bd6 10. Qf3 Qd7 11. Bxd6 Qxd6 12. g3 Rh6 13. 0-0-0 0-0-0 14. h4 Rf8 15. Rhe1 e5 16. dxe5 Qxe5 1/2-1/2

[Event "SVK-chT3B2 1718"]
[Site "Slovakia"]
[Date "2017.10.08"]
[Round "1.3"]
[White "Huliak, Pavol"]
[Black "Lotharides, Vojtech"]
[Result "1-0"]
[WhiteElo "1930"]
[BlackElo "1734"]
[PlyCount "51"]
[EventDate "2017.10.08"]
[EventType "team-tourn"]
[EventRounds "11"]
[EventCountry "SVK"]
[SourceTitle "EXT 2019"]
[Source "ChessBase"]
[SourceDate "2018.10.10"]
[SourceVersion "1"]
[SourceVersionDate "2018.10.10"]
[SourceQuality "1"]
[WhiteTeam "Bojnice"]
[BlackTeam "Nemsova Horne Srnie"]
[WhiteTeamCountry "SVK"]
[BlackTeamCountry "SVK"]

1. d4 d5 2. c4 dxc4 3. Nc3 e5 4. d5 Bd7 5. a4 Bb4 6. e4 f5 7. Bxc4 Qe7 8. Bd2 c5 9. Nge2 Nf6 10. Bg5 h6 11. Bxf6 Qxf6 12. exf5 Bxf5 13. 0-0 Nd7 14. Nb5 0-0 15. Nc7 Nb6 16. Ba2 Rad8 17. Ng3 a6 18. Nxf5 Qxf5 19. Ne6 Rd6 20. Nxf8 Qxf8 21. Qc2 Nd7 22. Rad1 Nf6 23. Qf5 b5 24. Qxe5 c4 25. Bb1 Bc5 26. Bf5 1-0

[Event "SVK-chT3B2 1617"]
[Site "Slovakia"]
[Date "2017.03.19"]
[Round "10.4"]
[White "Lotharides, Vojtech"]
[Black "Sliva, Frantisek"]
[Result "1-0"]
[WhiteElo "1746"]
[BlackElo "1800"]
[PlyCount "55"]
[EventDate "2016.10.16"]
[EventType "team-tourn"]
[EventRounds "11"]
[EventCountry "SVK"]
[SourceTitle "EXT 2020"]
[Source "ChessBase"]
[SourceDate "2019.10.17"]
[SourceVersion "1"]
[SourceVersionDate "2019.10.17"]
[SourceQuality "1"]
[WhiteTeam "Nemsova Horne Srnie"]
[BlackTeam "Dubnica nad Vahom III"]
[WhiteTeamCountry "SVK"]
[BlackTeamCountry "SVK"]

1. d4 Nf6 2. Bg5 e6 3. c3 Be7 4. e3 c5 5. Bxf6 Bxf6 6. dxc5 0-0 7. Nd2 Nc6 8. Ngf3 Qc7 9. Nd4 Ne7 10. Ne4 Be5 11. f4 Bxd4 12. cxd4 Nf5 13. Qd3 Qa5+ 14. Qd2 Qd8 15. g3 d5 16. Ng5 h6 17. Nf3 Bd7 18. Bd3 Ne7 19. g4 f6 20. Rg1 g5 21. h4 Kg7 22. hxg5 fxg5 23. Ne5 Be8 24. Qh2 Ng6 25. f5 exf5 26. gxf5 Nh4 27. Qxh4 Rf6 28. Qh2 1-0

[Event "SVK-chT3B2 1617"]
[Site "Slovakia"]
[Date "2017.02.19"]
[Round "8.5"]
[White "Zakovic, Jozef"]
[Black "Lotharides, Vojtech"]
[Result "1/2-1/2"]
[WhiteElo "1808"]
[BlackElo "1746"]
[PlyCount "138"]
[EventDate "2016.10.16"]
[EventType "team-tourn"]
[EventRounds "11"]
[EventCountry "SVK"]
[SourceTitle "EXT 2020"]
[Source "ChessBase"]
[SourceDate "2019.10.17"]
[SourceVersion "1"]
[SourceVersionDate "2019.10.17"]
[SourceQuality "1"]
[WhiteTeam "Bojnice"]
[BlackTeam "Nemsova Horne Srnie"]
[WhiteTeamCountry "SVK"]
[BlackTeamCountry "SVK"]

1. e4 c5 2. Nc3 Nc6 3. g3 Nf6 4. Bg2 g6 5. d3 Bg7 6. Nge2 d6 7. h3 Bd7 8. Be3 a6 9. Qd2 Rb8 10. Bh6 Kf8 11. 0-0 Ng8 12. Bxg7+ Kxg7 13. Nd5 e6 14. Ne3 h5 15. f4 Nh6 16. Nc4 Qc7 17. c3 b5 18. Ne3 Qb6 19. Rad1 Ne7 20. d4 Bc6 21. d5 exd5 22. Nxd5 Bxd5 23. exd5 Nef5 24. Rf3 Rhe8 25. Kf1 Re7 26. b4 Rbe8 27. bxc5 Qxc5 28. Nd4 Nxd4 29. Qxd4+ Qxd4 30. cxd4 Re2 31. Rf2 R2e3 32. Rf3 Nf5 33. Rd2 Nxg3+ 34. Kf2 Nf5 35. Bf1 Rxf3+ 36. Kxf3 Re3+ 37. Kf2 Ra3 38. Bg2 Ra4 39. Be4 Kf6 40. Bb1 Nxd4 41. Ke3 Nf5+ 42. Kf3 Ra3+ 43. Rd3 Rxd3+ 44. Bxd3 g5 45. a3 Nh6 46. Kg3 Ng8 47. fxg5+ Kxg5 48. h4+ Kf6 49. Kf4 Ne7 50. Be4 Ng6+ 51. Kg3 Ke5 52. Bf3 Nf4 53. Bd1 f5 54. Bf3 Nxd5 55. Bxh5 f4+ 56. Kf3 Nf6 57. Bg6 a5 58. h5 Ng8 59. Bf7 Nh6 60. Be8 b4 61. axb4 axb4 62. Ba4 Kf5 63. Bd1 d5 64. Bb3 d4 65. Bc2+ Ke5 66. Kf2 Nf5 67. Kf3 Ne3 68. h6 Kf6 69. Bd3 Nd5 1/2-1/2

[Event "SVK-chT2B 1112"]
[Site "Slovakia"]
[Date "2012.02.25"]
[Round "10.5"]
[White "Lotharides, Vojtech"]
[Black "Turicik, Dusan"]
[Result "1-0"]
[WhiteElo "1853"]
[BlackElo "1573"]
[PlyCount "119"]
[EventDate "2011.10.08"]
[EventType "team-tourn"]
[EventRounds "11"]
[EventCountry "SVK"]
[SourceTitle "EXT 2013"]
[Source "ChessBase"]
[SourceDate "2012.11.22"]
[SourceVersion "1"]
[SourceVersionDate "2012.11.22"]
[SourceQuality "1"]
[WhiteTeam "Belusa Hermes"]
[BlackTeam "Sala Slovan Duslo"]
[WhiteTeamCountry "SVK"]
[BlackTeamCountry "SVK"]

1. d4 Nf6 2. Bg5 e6 3. e3 h6 4. Bh4 g5 5. Bg3 d5 6. c3 Ne4 7. Nd2 Nxg3 8. hxg3 a6 9. Bd3 Nd7 10. f4 c5 11. Ngf3 c4 12. Bc2 gxf4 13. gxf4 Rg8 14. Qe2 Qb6 15. Rb1 Qa5 16. a3 b5 17. e4 Bb7 18. e5 Bxa3 19. bxa3 Qxc3 20. Bh7 Rh8 21. Rxh6 Nf8 22. Ng5 Qxd4 23. g3 Qg1+ 24. Nf1 d4 25. Qh5 0-0-0 26. Be4 Bxe4 27. Nxe4 Rxh6 28. Qxh6 d3 29. Nd6+ Kb8 30. Qh2 Qd4 31. Qb2 c3 32. Qg2 Rd7 33. Qc6 c2 34. Rc1 Qb2 35. Kd2 Qxa3 36. Qc3 Qa2 37. Qc8+ Ka7 38. Qc5+ Kb8 39. Kxd3 Qb3+ 40. Qc3 Qd5+ 41. Ke2 Qg2+ 42. Ke1 Rc7 43. Qd2 Qc6 44. Kf2 Qc5+ 45. Ne3 Qc3 46. Qxc3 Rxc3 47. Rxc2 Rxc2+ 48. Nxc2 Kc7 49. Ke3 Kb6 50. Kd4 a5 51. Kc3 Nd7 52. Nxf7 Nc5 53. g4 b4+ 54. Kc4 b3 55. Na3 b2 56. g5 Ne4 57. g6 Nd2+ 58. Kd3 b1Q+ 59. Nxb1 Nxb1 60. g7 1-0

[Event "SVK-chT2B 1112"]
[Site "Slovakia"]
[Date "2012.01.29"]
[Round "9.4"]
[White "Lotharides, Vojtech"]
[Black "Kral, Klaudia"]
[Result "1/2-1/2"]
[WhiteElo "1853"]
[BlackElo "1914"]
[PlyCount "29"]
[EventDate "2011.10.08"]
[EventType "team-tourn"]
[EventRounds "11"]
[EventCountry "SVK"]
[SourceTitle "EXT 2013"]
[Source "ChessBase"]
[SourceDate "2012.11.22"]
[SourceVersion "1"]
[SourceVersionDate "2012.11.22"]
[SourceQuality "1"]
[WhiteTeam "Belusa Hermes"]
[BlackTeam "Batorove Kosihy"]
[WhiteTeamCountry "SVK"]
[BlackTeamCountry "SVK"]

1. d4 Nf6 2. Bg5 e6 3. e3 h6 4. Bh4 d5 5. c3 c5 6. Bd3 Nbd7 7. f4 Be7 8. Nf3 0-0 9. 0-0 a6 10. Ne5 Nxe5 11. fxe5 Nd7 12. Bxe7 Qxe7 13. Nd2 f6 14. exf6 Nxf6 15. Nf3 1/2-1/2

[Event "SVK-chT2B 1112"]
[Site "Slovakia"]
[Date "2011.12.04"]
[Round "6.1"]
[White "Podhorsky, Martin"]
[Black "Lotharides, Vojtech"]
[Result "1-0"]
[WhiteElo "1945"]
[BlackElo "1853"]
[PlyCount "31"]
[EventDate "2011.10.08"]
[EventType "team-tourn"]
[EventRounds "11"]
[EventCountry "SVK"]
[SourceTitle "EXT 2013"]
[Source "ChessBase"]
[SourceDate "2012.11.22"]
[SourceVersion "1"]
[SourceVersionDate "2012.11.22"]
[SourceQuality "1"]
[WhiteTeam "Topolcianky SK"]
[BlackTeam "Belusa Hermes"]
[WhiteTeamCountry "SVK"]
[BlackTeamCountry "SVK"]

1. e4 c6 2. d4 d5 3. f3 h6 4. c3 dxe4 5. fxe4 e5 6. Nf3 Bg4 7. Be2 Bxf3 8. Bxf3 exd4 9. cxd4 Bd6 10. e5 Bb4+ 11. Nc3 Qa5 12. Qb3 Bxc3+ 13. bxc3 Qc7 14. 0-0 Ne7 15. Bh5 Ng6 16. e6 1-0

[Event "SVK-chT2B 1112"]
[Site "Slovakia"]
[Date "2011.12.03"]
[Round "5.2"]
[White "Sopko, Rudolf"]
[Black "Lotharides, Vojtech"]
[Result "1-0"]
[WhiteElo "1913"]
[BlackElo "1853"]
[PlyCount "109"]
[EventDate "2011.10.08"]
[EventType "team-tourn"]
[EventRounds "11"]
[EventCountry "SVK"]
[SourceTitle "EXT 2013"]
[Source "ChessBase"]
[SourceDate "2012.11.22"]
[SourceVersion "1"]
[SourceVersionDate "2012.11.22"]
[SourceQuality "1"]
[WhiteTeam "Trencin SK II"]
[BlackTeam "Belusa Hermes"]
[WhiteTeamCountry "SVK"]
[BlackTeamCountry "SVK"]

1. e4 c6 2. Nc3 d5 3. d4 dxe4 4. Nxe4 Bf5 5. Ng3 Bg6 6. h4 h6 7. h5 Bh7 8. Bc4 e6 9. Nf3 Bd6 10. Be3 Nd7 11. Qd2 Nb6 12. Bb3 Nf6 13. Bf4 Nbd5 14. Be5 Bxe5 15. Nxe5 Ne4 16. Nxe4 Bxe4 17. f3 Bf5 18. c4 Nb6 19. Kf2 Qf6 20. g3 0-0-0 21. Qf4 Nd7 22. g4 g5 23. hxg6 Bxg6 24. Qxf6 Nxf6 25. Ke3 Rde8 26. Rh2 Ng8 27. Rah1 Kd8 28. f4 Ke7 29. a4 Kf6 30. a5 Kg7 31. a6 Re7 32. axb7 Rxb7 33. Ba4 Ne7 34. b3 Rc7 35. b4 f6 36. Nd3 Bxd3 37. Kxd3 Ng6 38. Ke4 Ne7 39. g5 fxg5 40. fxg5 Nf5 41. Ke5 Rd8 42. gxh6+ Kh8 43. Rd1 Ne3 44. Rg1 Nxc4+ 45. Ke4 Nd6+ 46. Ke5 Nf5 47. Rg4 Rb7 48. Bxc6 Rxb4 49. Be4 Rb5+ 50. d5 Ne3 51. Rg7 Nf5 52. Rf7 Ng3 53. Rh7+ Kg8 54. Rg7+ Kh8 55. Rxg3 1-0

[Event "SVK-chT2B 0910"]
[Site "Slovakia"]
[Date "2010.02.28"]
[Round "11"]
[White "Lotharides, Vojtech"]
[Black "Randziak, Martin"]
[Result "1/2-1/2"]
[WhiteElo "1778"]
[BlackElo "1959"]
[PlyCount "40"]
[EventDate "2009.10.10"]
[EventType "team"]
[EventRounds "11"]
[EventCountry "SVK"]
[SourceTitle "EXT 2011"]
[Source "ChessBase"]
[SourceDate "2010.11.26"]
[SourceVersion "1"]
[SourceVersionDate "2010.11.26"]
[SourceQuality "1"]
[WhiteTeam "Belusa"]
[BlackTeam "Partizanske"]
[WhiteTeamCountry "SVK"]
[BlackTeamCountry "SVK"]

1. d4 Nf6 2. Bg5 Ne4 3. h4 c5 4. d5 Qb6 5. Qc1 c4 6. e3 Qa5+ 7. Nd2 Qxd5 8. Bxc4 Qxd2+ 9. Qxd2 Nxd2 10. Kxd2 e6 11. h5 h6 12. Bh4 d5 13. Bb3 Be7 14. Nf3 Nc6 15. Bxe7 Kxe7 16. Rh4 Rd8 17. Ba4 Bd7 18. Bxc6 Bxc6 19. Nd4 Rac8 20. c3 Be8 1/2-1/2

[Event "SVK-chT2B 0910"]
[Site "Slovakia"]
[Date "2010.01.09"]
[Round "6"]
[White "Lotharides, Vojtech"]
[Black "Kvassay, Peter"]
[Result "1-0"]
[WhiteElo "1778"]
[BlackElo "2041"]
[PlyCount "31"]
[EventDate "2009.10.10"]
[EventType "team"]
[EventRounds "11"]
[EventCountry "SVK"]
[SourceTitle "EXT 2011"]
[Source "ChessBase"]
[SourceDate "2010.11.26"]
[SourceVersion "1"]
[SourceVersionDate "2010.11.26"]
[SourceQuality "1"]
[WhiteTeam "Belusa"]
[BlackTeam "Bystrica SKS"]
[WhiteTeamCountry "SVK"]
[BlackTeamCountry "SVK"]

1. d4 Nf6 2. Bg5 d6 3. Bxf6 exf6 4. e3 Be7 5. Bd3 0-0 6. h4 c5 7. c3 Re8 8. Nh3 b6 9. Bxh7+ Kf8 10. Be4 d5 11. Qh5 Bd6 12. Bxd5 Be6 13. Bxa8 cxd4 14. cxd4 Na6 15. Bc6 Qc8 16. Qh8+ 1-0

[Event "SVK-chT2B 0910"]
[Site "Slovakia"]
[Date "2009.11.07"]
[Round "3.7"]
[White "Lotharides, Vojtech"]
[Black "Cvirik, Vladimir"]
[Result "1-0"]
[WhiteElo "1778"]
[BlackElo "1921"]
[PlyCount "67"]
[EventDate "2009.10.10"]
[EventType "team"]
[EventRounds "11"]
[EventCountry "SVK"]
[SourceTitle "EXT 2011"]
[Source "ChessBase"]
[SourceDate "2010.11.26"]
[SourceVersion "1"]
[SourceVersionDate "2010.11.26"]
[SourceQuality "1"]
[WhiteTeam "Belusa"]
[BlackTeam "Surany"]
[WhiteTeamCountry "SVK"]
[BlackTeamCountry "SVK"]

1. d4 d5 2. Bg5 g6 3. e3 Bg7 4. Bd3 Nf6 5. Bxf6 Bxf6 6. f4 Nd7 7. Nf3 c5 8. c3 c4 9. Bc2 0-0 10. 0-0 b5 11. a3 a5 12. Nbd2 e6 13. Ne5 Bb7 14. Qg4 Bg7 15. Ndf3 f5 16. Qh3 Bf6 17. g4 Nxe5 18. dxe5 Be7 19. Nd4 Qd7 20. Kf2 Bc5 21. gxf5 Bxd4 22. fxe6 Bxe3+ 23. Kxe3 Qe7 24. f5 Qg5+ 25. Ke2 Qh5+ 26. Qxh5 gxh5 27. Rg1+ Kh8 28. f6 Rg8 29. Raf1 Rxg1 30. Rxg1 Bc8 31. Bf5 b4 32. axb4 axb4 33. f7 Bxe6 34. Bxe6 1-0

[Event "SVK-chT2B 0809"]
[Site "Slovakia"]
[Date "2008.12.07"]
[Round "6.8"]
[White "Randziak, Martin"]
[Black "Lotharides, Vojtech"]
[Result "1/2-1/2"]
[WhiteElo "1350"]
[BlackElo "1792"]
[PlyCount "36"]
[EventDate "2008.10.11"]
[EventType "team-tourn"]
[EventRounds "11"]
[EventCountry "SVK"]
[SourceTitle "EXT 2010"]
[Source "ChessBase"]
[SourceDate "2010.11.25"]
[SourceVersion "1"]
[SourceVersionDate "2010.11.25"]
[SourceQuality "1"]
[WhiteTeam "Partizanske SK Neomax"]
[BlackTeam "Belusa Hermes"]
[WhiteTeamCountry "SVK"]
[BlackTeamCountry "SVK"]

1. e4 c6 2. d4 d5 3. Nc3 dxe4 4. Nxe4 Bf5 5. Ng3 Bg6 6. h4 h6 7. h5 Bh7 8. Nf3 e6 9. Bd3 Bxd3 10. Qxd3 Nf6 11. Bd2 Bd6 12. Ne4 Nxe4 13. Qxe4 Nd7 14. Qg4 Bf8 15. Qe4 Nf6 16. Qd3 Bd6 17. 0-0-0 Qc7 18. Rhe1 0-0-0 1/2-1/2

[Event "SVK-chT2B 0809"]
[Site "Slovakia"]
[Date "2008.11.09"]
[Round "4.7"]
[White "Lotharides, Vojtech"]
[Black "Valovic, Stefan"]
[Result "1-0"]
[WhiteElo "1792"]
[BlackElo "1924"]
[PlyCount "135"]
[EventDate "2008.10.11"]
[EventType "team-tourn"]
[EventRounds "11"]
[EventCountry "SVK"]
[SourceTitle "EXT 2010"]
[Source "ChessBase"]
[SourceDate "2010.11.25"]
[SourceVersion "1"]
[SourceVersionDate "2010.11.25"]
[SourceQuality "1"]
[WhiteTeam "Belusa Hermes"]
[BlackTeam "Topolcianky SK"]
[WhiteTeamCountry "SVK"]
[BlackTeamCountry "SVK"]

1. d4 d5 2. Bg5 Nf6 3. Bxf6 exf6 4. e3 Bd6 5. Bd3 c6 6. c3 Qc7 7. g3 Be6 8. Nd2 Nd7 9. Ne2 h5 10. h4 Bg4 11. Qc2 0-0-0 12. 0-0-0 Rde8 13. Kb1 g6 14. Rc1 Bxe2 15. Bxe2 Bxg3 16. fxg3 Qxg3 17. Nf1 Qg2 18. Rh2 Qe4 19. Bd3 Qe7 20. c4 dxc4 21. Bxc4 Nb6 22. Qb3 Nxc4 23. Qxc4 Kb8 24. Rhc2 Rd8 25. Qb3 Ka8 26. d5 Rc8 27. dxc6 bxc6 28. Rxc6 Rxc6 29. Rxc6 Qd7 30. Qc2 Rd8 31. Nd2 f5 32. Nb3 Qd1+ 33. Nc1 Qxc2+ 34. Kxc2 Kb7 35. Rf6 Rd7 36. Nd3 Re7 37. Kd2 Kc7 38. b4 Kd8 39. a4 Ke8 40. a5 Rc7 41. Rd6 Ke7 42. Rd4 f6 43. Nc5 g5 44. Rd5 Kf7 45. hxg5 fxg5 46. Rxf5+ Kg6 47. Rf1 h4 48. Ke2 g4 49. Rf4 Kh5 50. Kf2 Rc8 51. Kg2 Rd8 52. Rf5+ Kg6 53. Rg5+ Kf6 54. Ne4+ Ke6 55. Nc5+ Kf6 56. Rxg4 Re8 57. Kf3 Rh8 58. Ne4+ Kf5 59. Nf2 Ke5 60. Re4+ Kf5 61. Nh3 Rh7 62. Rf4+ Ke5 63. b5 Kd5 64. e4+ Kc4 65. Rf5 Rg7 66. Ng5 Rg6 67. Kg4 Rh6 68. Kh3 1-0

[Event "SVK-chT2B 0809"]
[Site "Slovakia"]
[Date "2008.10.12"]
[Round "2.1"]
[White "Kukel, Imre1"]
[Black "Lotharides, Vojtech"]
[Result "1/2-1/2"]
[WhiteElo "2285"]
[BlackElo "1792"]
[PlyCount "39"]
[EventDate "2008.10.11"]
[EventType "team-tourn"]
[EventRounds "11"]
[EventCountry "SVK"]
[SourceTitle "EXT 2010"]
[Source "ChessBase"]
[SourceDate "2010.11.25"]
[SourceVersion "1"]
[SourceVersionDate "2010.11.25"]
[SourceQuality "1"]
[WhiteTeam "Komarno KSC"]
[BlackTeam "Belusa Hermes"]
[WhiteTeamCountry "SVK"]
[BlackTeamCountry "SVK"]

1. b4 d5 2. Bb2 Bg4 3. g3 Nd7 4. Bg2 e6 5. c4 Ngf6 6. Qb3 c6 7. Nf3 Bd6 8. c5 Bc7 9. d4 Bxf3 10. Bxf3 a6 11. Nd2 h5 12. Bg2 h4 13. 0-0-0 b5 14. e4 dxe4 15. Nxe4 Nd5 16. f4 g6 17. Nf2 a5 18. a3 axb4 19. axb4 N7f6 20. Nd3 1/2-1/2

[Event "SVK-chT2B 0809"]
[Site "Slovakia"]
[Date "2008.10.11"]
[Round "1.8"]
[White "Lotharides, Vojtech"]
[Black "Smolka, Peter"]
[Result "0-1"]
[WhiteElo "1792"]
[BlackElo "1602"]
[PlyCount "92"]
[EventDate "2008.10.11"]
[EventType "team-tourn"]
[EventRounds "11"]
[EventCountry "SVK"]
[SourceTitle "EXT 2010"]
[Source "ChessBase"]
[SourceDate "2010.11.25"]
[SourceVersion "1"]
[SourceVersionDate "2010.11.25"]
[SourceQuality "1"]
[WhiteTeam "Belusa Hermes"]
[BlackTeam "Komarno KSC II"]
[WhiteTeamCountry "SVK"]
[BlackTeamCountry "SVK"]

1. d4 Nf6 2. Bg5 g6 3. e3 Bg7 4. Bxf6 exf6 5. Bd3 0-0 6. c3 d6 7. Qb3 c5 8. Nf3 Nc6 9. d5 Na5 10. Qa4 Bd7 11. Bb5 Bxb5 12. Qxb5 a6 13. Qa4 b5 14. Qc2 Nc4 15. 0-0 f5 16. Rd1 Ra7 17. Nbd2 Ne5 18. a4 Nxf3+ 19. Nxf3 Qb6 20. b3 b4 21. cxb4 Bxa1 22. bxc5 Qxc5 23. Qxc5 dxc5 24. Rxa1 Rd8 25. Kf1 Rxd5 26. Ke2 Re7 27. g3 h6 28. h4 f6 29. Rc1 g5 30. Rc3 f4 31. gxf4 gxf4 32. Rc4 fxe3 33. fxe3 f5 34. Kf2 Re4 35. Rc1 Rd3 36. Rxc5 Rdxe3 37. Rxf5 Rxb3 38. Rf6 Rxa4 39. Rxh6 Kg7 40. Rh5 Rb5 41. Rxb5 axb5 42. Ke2 Rc4 43. Kd3 Kh6 44. Nd4 Rc5 45. Nb3 Rc7 46. Kd4 b4 0-1

[Event "SVK-chT2B 0506"]
[Site "Slovakia"]
[Date "2005.12.18"]
[Round "6.5"]
[White "Lotharides, Vojtech"]
[Black "Detko, Jan"]
[Result "0-1"]
[WhiteElo "1809"]
[BlackElo "2143"]
[PlyCount "112"]
[EventDate "2005.10.22"]
[EventType "tourn"]
[EventRounds "11"]
[EventCountry "SVK"]
[SourceTitle "EXT 2008"]
[Source "ChessBase"]
[SourceDate "2007.11.25"]
[SourceVersion "1"]
[SourceVersionDate "2007.11.25"]
[SourceQuality "1"]

1. d4 Nf6 2. Bg5 e6 3. e3 c5 4. c3 cxd4 5. exd4 Be7 6. f4 Qb6 7. Qb3 Qc7 8. Nf3 b6 9. Bd3 h6 10. Bxf6 Bxf6 11. g3 Bb7 12. Nbd2 Nc6 13. 0-0 0-0 14. Rae1 Be7 15. Bb1 f5 16. Nc4 Ba6 17. Rf2 Nxd4 18. cxd4 Qxc4 19. Qe3 Bf6 20. Rc1 Qd5 21. Rfc2 Bb7 22. Kf2 g5 23. Rc7 g4 24. Ne5 Rfd8 25. Bc2 Qg2+ 26. Ke1 Qh1+ 27. Kd2 Qxh2+ 28. Ke1 Be7 29. a3 Qh1+ 30. Kd2 Qg2+ 31. Ke1 Bd6 32. Rxd7 Bxe5 33. Rxd8+ Rxd8 34. fxe5 Qh1+ 35. Kd2 Qh2+ 36. Ke1 Bf3 37. Bd3 Qxg3+ 38. Kd2 Qg2+ 39. Ke1 Qh1+ 40. Kd2 Qh2+ 41. Ke1 f4 42. Qf2 Qxf2+ 43. Kxf2 Rxd4 44. Rc3 Be4 45. Rc8+ Kf7 46. Rc7+ Kg6 47. Bxe4+ Rxe4 48. Rxa7 Kf5 49. Rb7 g3+ 50. Kf1 Kg4 51. Rxb6 Kf3 52. Rb3+ Re3 53. Rc3 Rxc3 54. bxc3 g2+ 55. Kg1 Kg3 56. a4 f3 0-1

[Event "SVK-chT2B 0506"]
[Site "Slovakia"]
[Date "2005.12.17"]
[Round "5.5"]
[White "Belak, Stefan"]
[Black "Lotharides, Vojtech"]
[Result "0-1"]
[WhiteElo "1897"]
[BlackElo "1809"]
[PlyCount "82"]
[EventDate "2005.10.22"]
[EventType "tourn"]
[EventRounds "11"]
[EventCountry "SVK"]
[SourceTitle "EXT 2008"]
[Source "ChessBase"]
[SourceDate "2007.11.25"]
[SourceVersion "1"]
[SourceVersionDate "2007.11.25"]
[SourceQuality "1"]

1. c4 c5 2. Nc3 Nc6 3. Nf3 g6 4. g3 Bg7 5. Bg2 Nf6 6. 0-0 0-0 7. e4 d6 8. h3 Rb8 9. d3 a6 10. a4 Nb4 11. Be3 Bd7 12. d4 cxd4 13. Nxd4 Qc8 14. Qb3 Nd3 15. Kh2 Ne5 16. Nd5 Nxd5 17. cxd5 b5 18. axb5 Bxb5 19. Nxb5 Rxb5 20. Qa4 Rxb2 21. Qxa6 f5 22. Rfc1 Qd7 23. Rab1 Rxb1 24. Rxb1 fxe4 25. Bxe4 Qe8 26. f4 Nf7 27. Rb7 Bf6 28. Bd3 Qc8 29. Rb3 Qxa6 30. Bxa6 Ra8 31. Bb7 Ra2+ 32. Kg1 h5 33. Bc8 Kg7 34. Bb6 Rd2 35. Be6 Bd4+ 36. Bxd4+ Rxd4 37. Rb8 Rc4 38. Kf2 h4 39. Rb3 hxg3+ 40. Rxg3 Rxf4+ 41. Ke3 Ra4 0-1

[Event "SVK-chT2B 0506"]
[Site "Slovakia"]
[Date "2005.11.26"]
[Round "3.4"]
[White "Lotharides, Vojtech"]
[Black "Szaraz, Vojtech"]
[Result "1-0"]
[WhiteElo "1809"]
[BlackElo "2059"]
[PlyCount "31"]
[EventDate "2005.10.22"]
[EventType "tourn"]
[EventRounds "11"]
[EventCountry "SVK"]
[SourceTitle "EXT 2008"]
[Source "ChessBase"]
[SourceDate "2007.11.25"]
[SourceVersion "1"]
[SourceVersionDate "2007.11.25"]
[SourceQuality "1"]

1. d4 Nf6 2. Bg5 c6 3. Bxf6 exf6 4. c3 d5 5. e3 Bd6 6. Bd3 Be6 7. Nd2 Nd7 8. g3 0-0 9. h4 Qc7 10. Qf3 c5 11. Nh3 a5 12. Bxh7+ Kxh7 13. Qh5+ Kg8 14. Ng5 fxg5 15. hxg5 f5 16. g6 1-0